Incoherent empire /

Bibliographic Details
Main Author: Mann, Michael, 1942-
Format: Book
Language:English
Published: London ; New York : Verso, 2003.
Subjects:

MARC

Tag First Indicator Second Indicator Subfields
LEADER 00000pam a2200000 a 4500
001 in00001797921
005 20151025131127.0
008 030804s2003 enk b 001 0 eng
010 |a  2003060814 
015 |a GBA3-V5623 
020 |a 1859845827 
035 |a (OCoLC)ocm52783147 
040 |a DLC  |c DLC  |d YDX  |d UKM  |d TXA  |d UtOrBLW 
043 |a n-us--- 
049 |a TXAM 
050 0 0 |a E902  |b .M35 2003 
082 0 0 |a 327.73  |2 22 
100 1 |a Mann, Michael,  |d 1942- 
245 1 0 |a Incoherent empire /  |c Michael Mann. 
264 1 |a London ;  |a New York :  |b Verso,  |c 2003. 
300 |a viii, 278 pages ;  |c 25 cm. 
336 |a text  |b txt  |2 rdacontent 
337 |a unmediated  |b n  |2 rdamedia 
338 |a volume  |b nc  |2 rdacarrier 
504 |a Includes bibliographical references and index. 
650 0 |a Imperialism. 
650 0 |a Militarism  |z United States. 
651 0 |a United States  |x Foreign relations  |y 2001-2009. 
651 0 |a United States  |x Military policy. 
651 0 |a United States  |x Foreign economic relations. 
994 |a E0  |b TXA 
948 |a cataloged  |b h  |c 2003/11/22  |d c  |e jlanham  |f 11:53:38 am 
999 |a MARS 
999 f f |s 5f20d4a8-ec06-350a-9be8-eaff463ac3a1  |i 7056dcad-4d57-3ba2-9ae4-b8ae58cc966b  |t 0 
952 f f |p normal  |a Texas A&M University  |b College Station  |c Sterling C. Evans Library  |d Evans: Library Stacks  |t 0  |e E902 .M35 2003  |h Library of Congress classification  |i unmediated -- volume  |m A14830860267 
998 f f |a E902 .M35 2003  |t 0  |l Evans: Library Stacks